Populačná predpoveď pre Európu

Demografické zmeny na európskom kontinente ovplyvňujú aj trh práce. Dojčenecká úmrtnosť a očakávaný priemerný vek dožitia. Očakávaný vývoj celkového počtu obyvateľstva. Vývoj populácie v Európe a trh práce.

Na minha lista:
Detalhes bibliográficos
Autor principal: Polakovič, Ivan
Formato: Capítulo de Livro
Idioma:eslovaco
Assuntos:
Tags: Adicionar Tag
Sem tags, seja o primeiro a adicionar uma tag!

MARC

LEADER 00000naa a2200000 4500
001 r039192
005 20230920071404.3
041 0 |a slo 
044 |a SK 
245 1 0 |a Populačná predpoveď pre Európu  |c Ivan Polakovič 
520 |a Demografické zmeny na európskom kontinente ovplyvňujú aj trh práce. Dojčenecká úmrtnosť a očakávaný priemerný vek dožitia. Očakávaný vývoj celkového počtu obyvateľstva. Vývoj populácie v Európe a trh práce. 
610 2 0 |a trh práce 
610 2 0 |a populácia 
610 2 0 |a Európa 
610 2 0 |a vývoj populačný 
610 2 0 |a transformácia 
100 1 |a Polakovič, Ivan